ARRUPE JESUIT UNIVERSITY

CORONAVIRUS -STOP THE SPREAD - CLEAN,DISINFECT,COVER

A linguistic geography of Africa / (Record no. 127637)

MARC details
000 -LEADER
fixed length control field 02256cam a2200397 a 4500
001 - CONTROL NUMBER
control field 14804100
003 - CONTROL NUMBER IDENTIFIER
control field ARRUPE
005 - DATE AND TIME OF LATEST TRANSACTION
control field 20180314150026.0
008 - FIXED-LENGTH DATA ELEMENTS--GENERAL INFORMATION
fixed length control field 070411s2008 enkab b 001 0 eng
010 ## - LIBRARY OF CONGRESS CONTROL NUMBER
LC control number 2007013265
015 ## - NATIONAL BIBLIOGRAPHY NUMBER
National bibliography number GBA755616
Source bnb
016 7# - NATIONAL BIBLIOGRAPHIC AGENCY CONTROL NUMBER
Record control number 013795165
Source Uk
020 ## - INTERNATIONAL STANDARD BOOK NUMBER
International Standard Book Number 9780521876117 (alk. paper)
020 ## - INTERNATIONAL STANDARD BOOK NUMBER
International Standard Book Number 0521876117 (alk. paper)
035 ## - SYSTEM CONTROL NUMBER
System control number (OCoLC)ocn123079069
035 ## - SYSTEM CONTROL NUMBER
System control number (OCoLC)123079069
040 ## - CATALOGING SOURCE
Original cataloging agency DLC
Transcribing agency DLC
Modifying agency BAKER
-- BTCTA
-- UKM
-- YDXCP
-- BWKUK
-- DLC
043 ## - GEOGRAPHIC AREA CODE
Geographic area code f------
050 00 - LIBRARY OF CONGRESS CALL NUMBER
Classification number PL8005
Item number .L56 2008
082 00 - DEWEY DECIMAL CLASSIFICATION NUMBER
Classification number 496.09
Edition number 22
300 ## - PHYSICAL DESCRIPTION
Other physical details ill., maps ;
Dimensions 24 cm.
245 02 - TITLE STATEMENT
Title A linguistic geography of Africa /
Statement of responsibility, etc edited by Bernd Heine and Derek Nurse.
260 ## - PUBLICATION, DISTRIBUTION, ETC. (IMPRINT)
Place of publication, distribution, etc Cambridge, UK ;
-- New York :
Name of publisher, distributor, etc Cambridge University Press,
Date of publication, distribution, etc 2008.
300 ## - PHYSICAL DESCRIPTION
Extent xviii, 371 p. :
440 #0 - SERIES STATEMENT/ADDED ENTRY--TITLE
Title Cambridge approaches to language contact
9 (RLIN) 40607
504 ## - BIBLIOGRAPHY, ETC. NOTE
Bibliography, etc Includes bibliographical references (p. 309-353) and index.
505 0# - FORMATTED CONTENTS NOTE
Formatted contents note Is Africa a linguistic area? / Bernd Heine & Zelealem Leyew -- Africa as a phonological area / G.N. Clements & Annie Rialland -- Africa as a morphosyntactic area / Denis Creissels ... [et al.] -- The macro-Sudan belt : towards identifying a linguistic area in northern sub-Saharan Africa / Tom Güldemann -- The Tanzanian Rift Valley area / Roland Kie€ling, Maarten Mous & Derek Nurse -- Ethiopia / Joachim Crass & Ronny Meyer -- The marked-nominative languages of eastern Africa / Christa König -- Africa's verb-final languages / Gerrit J. Dimmendaal.
650 #0 - SUBJECT ADDED ENTRY--TOPICAL TERM
Topical term or geographic name as entry element African languages.
9 (RLIN) 32343
650 #0 - SUBJECT ADDED ENTRY--TOPICAL TERM
Topical term or geographic name as entry element Languages in contact
Geographic subdivision Africa.
9 (RLIN) 40608
650 #0 - SUBJECT ADDED ENTRY--TOPICAL TERM
Topical term or geographic name as entry element Linguistic geography.
9 (RLIN) 40609
700 1# - ADDED ENTRY--PERSONAL NAME
Personal name Heine, Bernd,
Dates associated with a name 1939-
9 (RLIN) 40610
700 1# - ADDED ENTRY--PERSONAL NAME
Personal name Nurse, Derek.
9 (RLIN) 40611
856 41 - ELECTRONIC LOCATION AND ACCESS
Materials specified Table of contents only
Uniform Resource Identifier <a href="http://www.loc.gov/catdir/toc/ecip0715/2007013265.html">http://www.loc.gov/catdir/toc/ecip0715/2007013265.html</a>
856 42 - ELECTRONIC LOCATION AND ACCESS
Materials specified Publisher description
Uniform Resource Identifier <a href="http://www.loc.gov/catdir/enhancements/fy0729/2007013265-d.html">http://www.loc.gov/catdir/enhancements/fy0729/2007013265-d.html</a>
856 42 - ELECTRONIC LOCATION AND ACCESS
Materials specified Contributor biographical information
Uniform Resource Identifier <a href="http://www.loc.gov/catdir/enhancements/fy0729/2007013265-b.html">http://www.loc.gov/catdir/enhancements/fy0729/2007013265-b.html</a>
906 ## - LOCAL DATA ELEMENT F, LDF (RLIN)
a 7
b cbc
c orignew
d 1
e ecip
f 20
g y-gencatlg
942 ## - ADDED ENTRY ELEMENTS (KOHA)
Source of classification or shelving scheme Library of Congress Classification
Koha item type Monograph ( Printed materials)
Holdings
Withdrawn status Lost status Source of classification or shelving scheme Damaged status Not for loan Collection code Home library Current library Shelving location Date acquired Total Checkouts Full call number Barcode Date last seen Price effective from Koha item type
    Library of Congress Classification     Main Collection ARRUPE LIBRARY ARRUPE LIBRARY Main Collection 14/03/2018   PL8005 .L56 2008 46600001123 29/03/2019 14/03/2018 Monograph ( Printed materials)

 

Arrupe Library. PO Box MP320 Mt Pleasant, Harare, Zimbabwe
263 242 745411|librarian@aju.ac.zw